Estabilidad, inflación y desarrollo
Gardado en:
| Autor Principal: | |
|---|---|
| Formato: | Libro |
| Idioma: | Lingua castelá |
| Publicado: |
Ciudad de México
CEMLA
1962
|
| Series: | Conferencias
|
| Subjects: | |
| Tags: |
Engadir etiqueta
Sen Etiquetas, Sexa o primeiro en etiquetar este rexistro!
|
MARC
| LEADER | 00000nam a2200000 a 4500 | ||
|---|---|---|---|
| 001 | UCT8103 | ||
| 003 | CL-VaPUC | ||
| 008 | 970317e19620000MX |||||||||||||||||spa|d | ||
| 082 | 0 | 4 | |a 332.41 |b LUR |2 21 |
| 100 | |a Lurié, Samuel |e autor |9 379581 | ||
| 245 | 1 | 0 | |a Estabilidad, inflación y desarrollo |
| 300 | |a 158 p | ||
| 942 | |c BK | ||
| 945 | |d 19970317 00:00:00 |a paguirre | ||
| 260 | |a Ciudad de México |b CEMLA |c 1962 | ||
| 650 | 0 | |a Inflación |9 257218 | |
| 650 | 0 | |a Crecimiento económico |9 314037 | |
| 650 | 0 | |a Desarrollo económico y social |9 256320 | |
| 650 | 0 | |a Política económica |9 255029 | |
| 583 | |a last modification |c 19970317 00:00:00 |k Rodrigo Vera | ||
| 490 | 0 | |a Conferencias | |
| 999 | |c 256635 |d 256633 | ||
| 952 | |0 0 |1 0 |4 0 |6 332_410000000000000_LUR_1962 |7 0 |8 A |9 279461 |a BIBDER |b BIBDER |d 2019-11-19 |i 181284K |o 332.41 LUR 1962 |p 181284K |r 2023-01-25 |w 2019-11-19 |y BK |k DER | ||